Tìm hiểu tình hình sản xuất và tiêu thụ rau xanh ở Quận Ngũ Hành Sơn - Thành phố Đà Nẵng giai đoạn 2000-2005. Định hướng phát triển đến năm 2010

Cơ sở lí luận chung. Tình hình sản xuất và tiêu thụ rau xanh của thành phố Đà Nẵng và quận Ngũ hành Sơn. Một số định hướng cho việc sản xuất và tiêu thụ rau xanh của Quận Ngũ Hành Sơn

محفوظ في:
التفاصيل البيبلوغرافية
المؤلف الرئيسي: Vũ, Thị Oanh
مؤلفون آخرون: Nguyễn, Thị Mây Th.S (Hướng dẫn)
التنسيق: كتاب
اللغة:Vietnamese
منشور في: Đại học Đà Nẵng Trường Đại học Sư phạm 2007
سلاسل:Khóa luận tốt nghiệp Đại học. Chuyên ngành: Sư phạm Địa lý
الموضوعات:
الوسوم: إضافة وسم
لا توجد وسوم, كن أول من يضع وسما على هذه التسجيلة!
Thư viện lưu trữ: Mạng thư viện Đại học Đà Nẵng
LEADER 01704nam a2200349 4500
001 000011075
003 7303
005 20120201150234.0
008 120201s2007 viesd
041 |a vie 
072 |a Khóa luận tốt nghiệp 
082 |a 338.19  |b VU-O 
100 1 |a Vũ, Thị Oanh 
245 1 |a Tìm hiểu tình hình sản xuất và tiêu thụ rau xanh ở Quận Ngũ Hành Sơn - Thành phố Đà Nẵng giai đoạn 2000-2005. Định hướng phát triển đến năm 2010  |c Vũ, Thị Oanh 
260 |a Đại học Đà Nẵng  |b Trường Đại học Sư phạm  |c 2007 
300 |a 53 tr. [6 tr.]  |b Biểu đồ + ảnh m.họa  |c 29 cm 
490 |a Khóa luận tốt nghiệp Đại học. Chuyên ngành: Sư phạm Địa lý 
500 |a Tham khảo 53 tr. phụ lục ảnh [6 tr.] 
520 |a Cơ sở lí luận chung. Tình hình sản xuất và tiêu thụ rau xanh của thành phố Đà Nẵng và quận Ngũ hành Sơn. Một số định hướng cho việc sản xuất và tiêu thụ rau xanh của Quận Ngũ Hành Sơn 
653 |a Khóa luận tốt nghiệp Đại học 
653 |a Khoa Địa lý 
700 1 |a Nguyễn, Thị Mây  |c Th.S  |e Hướng dẫn 
OWN |a LSP 
AVA |a UDN50  |b LSP  |d 338.19 VU-O  |e available  |t Error 5001 Not defined in file expand_doc_bib_avail.  |f 1  |g 0  |h N  |i 0  |k 1 
999 |a From the UDN01 
AVA |a UDN50  |b LSP  |d 338.19 VU-O  |e available  |t Error 5001 Not defined in file expand_doc_bib_avail.  |f 1  |g 0  |h N  |i 0  |k 1 
TYP |a Monograph 
TYP |a Printed language 
980 |a Mạng thư viện Đại học Đà Nẵng